| 000 | 00465nam a2200181Ia 4500 | ||
|---|---|---|---|
| 001 | 23269 | ||
| 005 | 20260414150926.0 | ||
| 008 | 260414t2020||||xx |||||||||||||| ||spa|| | ||
| 041 | _aESP | ||
| 082 |
_a628.1 _bD31 |
||
| 100 |
_aDavis, Mackenzie L., _eAUT |
||
| 245 | 0 |
_aWater and wastewater engineering : _besign principles and practice |
|
| 260 | _c2020 | ||
| 300 |
_a1313 páginas : _c25 cm. |
||
| 650 | _aTCA | ||
| 654 | _aCIA | ||
| 942 |
_cLIB _dJUS _fJUS _2ddc _n |
||
| 999 |
_c23269 _d23269 |
||